[Event "Nova Gorica op 29th"]
[Site "Nova Gorica"]
[Date "2025.01.30"]
[Round "8"]
[White "Mihic, Adam"]
[Black "Papais, Francesco"]
[Result "1-0"]
[WhiteElo "1810"]
[BlackElo "1655"]
[PlyCount "81"]
[EventDate "2025.01.24"]
[EventType "swiss"]
[EventRounds "9"]
[EventCountry "SLO"]
[SourceTitle "CB06_2025"]
[SourceDate "2025.02.05"]
[SourceVersion "1"]
[SourceVersionDate "2025.02.05"]
[SourceQuality "1"]

1. e4 c5 2. Nf3 Nc6 3. d4 cxd4 4. Nxd4 e5 5. Nb5 Nf6 6. N1c3 Bb4 7. Nd6+ Bxd6 8. Qxd6 Qe7 9. Qxe7+ Nxe7 10. Bg5 a6 11. a4 h6 12. Bxf6 gxf6 13. 0-0-0 b6 14. Rd6 b5 15. Rxf6 Bb7 16. Bd3 Nc8 17. Re1 Ke7 18. Rf5 d6 19. axb5 axb5 20. Nxb5 Nb6 21. f4 Bc8 22. Rh5 f6 23. f5 Bd7 24. Rh3 Ra5 25. Nc3 Rh7 26. Rg3 Be8 27. b3 Kd8 28. Kd2 Rc7 29. Rg8 Rac5 30. Nb5 R7c6 31. c4 Rxb5 32. cxb5 Rc7 33. Ra1 Ke7 34. Ra6 Bf7 35. Rb8 Nd7 36. Rba8 Rb7 37. b6 Nxb6 38. R8a7 Rd7 39. Rxd7+ Nxd7 40. Ra7 Bxb3 41. Bb5 1-0

[Event "Nova Gorica op 29th"]
[Site "Nova Gorica"]
[Date "2025.01.25"]
[Round "2"]
[White "Papais, Francesco"]
[Black "Ivsek, Cveto"]
[Result "1-0"]
[WhiteElo "1655"]
[BlackElo "1822"]
[PlyCount "75"]
[EventDate "2025.01.24"]
[EventType "swiss"]
[EventRounds "9"]
[EventCountry "SLO"]
[SourceTitle "CB06_2025"]
[SourceDate "2025.02.05"]
[SourceVersion "1"]
[SourceVersionDate "2025.02.05"]
[SourceQuality "1"]

1. e4 c6 2. d4 d5 3. f3 Nd7 4. c4 e6 5. Bf4 Ngf6 6. Nc3 Bb4 7. e5 Ng8 8. Bd3 Ne7 9. Nge2 dxc4 10. Bxc4 Nb6 11. Bd3 Nbd5 12. Bd2 Ba5 13. Nxd5 exd5 14. b4 Bb6 15. Bg5 Qd7 16. g4 h6 17. Be3 h5 18. h3 Qd8 19. Kd2 Kd7 20. Bg5 Qf8 21. Qb3 a6 22. a4 f6 23. exf6 gxf6 24. Bf4 Bc7 25. Bxc7 Kxc7 26. Rac1 f5 27. g5 f4 28. h4 Nf5 29. Bxf5 Qxf5 30. b5 axb5 31. axb5 Bd7 32. Nc3 Kd8 33. Rhe1 Re8 34. b6 Qh3 35. Rxe8+ Bxe8 36. Re1 Qxf3 37. Qb4 Qf2+ 38. Re2 1-0